00426nam a2200145Ia 4500008004100000020001800041041000800059082001900067100001800086245011300104260002100217300000800238365001600246700001800262230718s9999 xx 000 0 und d a9781451646672 aeng a658.4'092bPES aPeshawaria R. aToo Many Bosses, Too Many LeadersbThe Three Essential Principles You need To Become An Extraordinary Leader c2011bFree Press a222 cRs.b450.00 aPeshawaria R.